Alle Nederlandse Dorpen en Steden per Gemeente - Zeeland - Statistics

General Stats
  • This quiz has been taken 28 times
  • The average score is 54 of 133
Answer Stats
Gemeente Dorp/Stad % Correct
Vlissingen Vlissingen
90%
Middelburg Middelburg
85%
Sluis Sluis
85%
Veere Veere
85%
Borsele Borssele
80%
Goes Goes
80%
Terneuzen Terneuzen
80%
Tholen Tholen
80%
Veere Zoutelande
80%
Sluis Cadzand
75%
Veere Domburg
75%
Vlissingen Oost-Souburg
75%
Kapelle Kapelle
70%
Reimerswaal Yerseke
70%
Schouwen-Duiveland Zierikzee
70%
Terneuzen Biervliet
65%
Sluis Breskens
65%
Schouwen-Duiveland Renesse
65%
Terneuzen Sas van Gent
65%
Veere Westkapelle
65%
Sluis Aardenburg
60%
Middelburg Arnemuiden
60%
Hulst Hulst
60%
Sluis IJzendijke
60%
Veere Oostkapelle
60%
Sluis Waterlandkerkje
60%
Terneuzen Axel
55%
Sluis Eede
55%
Sluis Groede
55%
Sluis Hoofdplaat
55%
Reimerswaal Kruiningen
55%
Sluis Nieuwvliet
55%
Sluis Oostburg
55%
Sluis Retranchement
55%
Reimerswaal Rilland
55%
Tholen Sint-Annaland
55%
Tholen Sint-Maartensdijk
55%
Schouwen-Duiveland Burgh-Haamstede
50%
Veere Koudekerke
50%
Reimerswaal Krabbendijke
50%
Terneuzen Philippine
50%
Schouwen-Duiveland | Veere Serooskerke
50%
Sluis Sint Anna ter Muiden
50%
Sluis Sint Kruis
50%
Sluis Zuidzande
50%
Reimerswaal Bath
45%
Veere Biggekerke
45%
Schouwen-Duiveland Bruinisse
45%
Terneuzen Hoek
45%
Terneuzen Koewacht
45%
Sluis Schoondijke
45%
Tholen Sint Philipsland
45%
Tholen Stavenisse
45%
Veere Aagtekerke
40%
Sluis Cadzand-Bad
40%
Noord-Beveland Colijnsplaat
40%
Borsele Heinkenszand
40%
Noord-Beveland Kamperland
40%
Goes Kloetinge
40%
Hulst Kloosterzande
40%
Veere Meliskerke
40%
Hulst Nieuw-Namen
40%
Tholen Oud-Vossemeer
40%
Vlissingen Ritthem
40%
Terneuzen Sluiskil
40%
Veere Vrouwenpolder
40%
Kapelle Wemeldinge
40%
Goes Wolphaartsdijk
40%
Hulst Clinge
35%
Hulst Graauw
35%
Noord-Beveland Kats
35%
Tholen Poortvliet
35%
Tholen Scherpenisse
35%
Borsele 's-Gravenpolder
35%
Borsele 's-Heer Abtskerke
35%
Goes 's-Heer Arendskerke
35%
Hulst Sint Jansteen
35%
Kapelle Biezelinge
30%
Schouwen-Duiveland Brouwershaven
30%
Veere Grijpskerke
30%
Noord-Beveland Kortgene
30%
Borsele Lewedorp
30%
Schouwen-Duiveland Nieuwerkerk
30%
Schouwen-Duiveland Ouwerkerk
30%
Borsele Ovezande
30%
Borsele 's-Heerenhoek
30%
Goes 's-Heer Hendrikskinderen
30%
Noord-Beveland Wissenkerke
30%
Terneuzen Zaamslag
30%
Borsele Baarland
25%
Borsele Driewegen
25%
Schouwen-Duiveland Ellemeet
25%
Veere Gapinge
25%
Hulst Hengstdijk
25%
Hulst Kapellebrug
25%
Goes Kattendijke
25%
Borsele Nieuwdorp
25%
Borsele Nisse
25%
Schouwen-Duiveland Noordwelle
25%
Hulst Ossenisse
25%
Hulst Vogelwaarde
25%
Reimerswaal Waarde
25%
Hulst Walsoorden
25%
Terneuzen Westdorpe
25%
Goes Wilhelminadorp
25%
Terneuzen Zuiddorpe
25%
Schouwen-Duiveland Dreischor
20%
Borsele Ellewoutsdijk
20%
Reimerswaal Hansweert
20%
Hulst Heikant
20%
Borsele Hoedekenskerke
20%
Schouwen-Duiveland Kerkwerve
20%
Hulst Lamswaarde
20%
Middelburg Nieuw- en Sint Joosland
20%
Reimerswaal Oostdijk
20%
Borsele Oudelande
20%
Schouwen-Duiveland Scharendijke
20%
Kapelle Schore
20%
Middelburg Sint Laurens
20%
Terneuzen Spui
20%
Hulst Terhole
20%
Schouwen-Duiveland Zonnemaire
20%
Noord-Beveland Geersdijk
15%
Hulst Kuitaart
15%
Borsele Kwadendamme
15%
Schouwen-Duiveland Noordgouwe
15%
Goes Oud-Sabbinge
15%
Terneuzen Overslag
15%
Schouwen-Duiveland Sirjansland
15%
Veere Dishoek
10%
Schouwen-Duiveland Oosterland
10%
Tholen Anna Jacobapolder
5%
No matching quizzes found
Score Distribution
Percent of People with Each Score
Percentile by Number Answered
Your Score History
You have not taken this quiz